|
|
|
|
| LEADER |
00000cac a2200000 i 4500 |
| 003 |
Ucuenca |
| 005 |
20231110062708.0 |
| 006 |
a||||gr|||| 001 1 |
| 007 |
ta |
| 008 |
014111t20132013ec aaaagr|||| 001|| spa a |
| 020 |
|
|
|a 978-9978-14-265-3
|
| 040 |
|
|
|b spa
|a UCuenca-cdrjbv
|c UCuenca
|e rda
|
| 041 |
0 |
|
|a spa
|
| 082 |
0 |
|
|2 21
|a E862.4
|c 125902
|
| 100 |
1 |
|
|a Luna, Isidro.
|d 1963-
|9 260487
|e autor
|
| 245 |
1 |
0 |
|a Teatro político /
|c Isidro Luna.
|
| 250 |
|
|
|a Primera edición.
|
| 264 |
|
1 |
|a Cuenca:
|b Universidad de Cuenca,
|c 2013.
|
| 264 |
|
4 |
|c ©2013
|
| 300 |
|
|
|a 141 páginas:
|c 20 cm
|b ilu
|
| 336 |
|
|
|2 rdacontent
|a texto
|b txt
|
| 337 |
|
|
|2 rdamedia
|a no mediado
|b n
|
| 338 |
|
|
|2 rdacarrier
|a volumen
|b nc
|
| 490 |
0 |
|
|a objetosingulares
|
| 500 |
|
|
|a Seudónimo de Carlos Rojas
|
| 505 |
0 |
|
|a El gran animal -- La silla vacía -- El último presidente -- Un pueblo llamado desesperación.
|
| 650 |
1 |
0 |
|a Literatura ecuatoriana
|9 307
|
| 650 |
1 |
7 |
|2 UCuenca-cdrjbv
|9 912
|a Teatro ecuatoriano
|
| 650 |
1 |
7 |
|2 UCuenca-cdrjbv
|9 14210
|a Teatro cuencano
|
| 651 |
|
|
|2 UCuenca-cdrjbv
|
| 852 |
|
|
|a UC-CDJBV
|
| 942 |
|
|
|c CR
|2 ddc
|r bladimir.cabrerar@ucuenca.edu.ec
|
| 999 |
|
|
|c 70527
|d 70527
|